| 000 | 00704nam a22002057a 4500 | ||
|---|---|---|---|
| 005 | 20250328081509.0 | ||
| 008 | 250328b |||||||| |||| 00| 0 eng d | ||
| 020 | _a9798868805646 | ||
| 040 | _cAIMIT LIBRARY | ||
| 082 |
_21 _a005.76812 _bKHAA |
||
| 100 |
_aKhan, Arshad. _9207112 |
||
| 245 |
_aVisual analytics for dashboards : _ba step by step guide to principles and practical techniques / _cBy Arshad Khan. |
||
| 250 | _a1st ed. | ||
| 260 |
_aNew York : _bApress ; _c2024. |
||
| 300 |
_axxiii,174p. ; _bPB _c25 cm. |
||
| 650 |
_aKey performance indicators _9207113 |
||
| 650 |
_aDashboard requirements _9207114 |
||
| 650 |
_aVisual communication _9207115 |
||
| 942 |
_2ddc _cBK _e1st ed. _k005.76812 KHAA |
||
| 999 |
_c234042 _d234042 |
||